Loading...
| Philosophy | 1 | 3 | 2 | 0 | 35 | 21 | 75.00 | 3 | 4 | 0.00 | 0.00 |
| 1 | 2 | 1 | 0 | 30 | 57 | 103.00 | 1 | 3 | 0.00 | 0.00 | |
| History - World | 1 | 2 | 1 | 1 | 30 | 46 | 101.00 | 2 | 3 | 0.00 | 0.00 |
| Literature - European | 0 | 3 | 0 | 0 | 30 | 108 | 119.00 | 1 | 3 | 0.00 | 0.00 |
| Fine Arts - Auditory | 0 | 2 | 0 | 0 | 20 | 101 | 110.00 | 1 | 2 | 0.00 | 0.00 |
| Science - Biology | 1 | 0 | 0 | 0 | 15 | 35 | 35.00 | 0 | 1 | 0.00 | 0.00 |
| Current Events | 1 | 0 | 0 | 0 | 15 | 47 | 47.00 | 0 | 1 | 0.00 | 0.00 |
| Geography | 1 | 0 | 0 | 0 | 15 | 47 | 47.00 | 1 | 1 | 0.00 | 0.00 |
| History - American | 1 | 1 | 2 | 0 | 15 | 68 | 88.50 | 1 | 2 | 0.00 | 0.00 |
| Other Science: Math | 1 | 0 | 0 | 0 | 15 | 70 | 70.00 | 0 | 1 | 0.00 | 0.00 |
| British and Commonwealth History | 0 | 1 | 0 | 1 | 10 | 130 | 130.00 | 0 | 1 | 0.00 | 0.00 |
| Fine Arts - Visual | 0 | 1 | 0 | 0 | 10 | 123 | 123.00 | 0 | 1 | 0.00 | 0.00 |
| Other Arts: Auditory | 0 | 1 | 0 | 0 | 10 | 128 | 128.00 | 1 | 1 | 0.00 | 0.00 |
| Science - Physics | 0 | 1 | 0 | 1 | 10 | 127 | 127.00 | 0 | 1 | 0.00 | 0.00 |
| Literature - American | 0 | 1 | 0 | 1 | 10 | 137 | 137.00 | 0 | 1 | 0.00 | 0.00 |
| Beliefs | 0 | 1 | 1 | 0 | 5 | 110 | 110.00 | 0 | 1 | 0.00 | 0.00 |
| History - European | 0 | 2 | 3 | 1 | 5 | 84 | 107.00 | 1 | 2 | 0.00 | 0.00 |
| Social Science | 0 | 1 | 1 | 1 | 5 | 129 | 129.00 | 0 | 1 | 0.00 | 0.00 |
| World and Other Literature | 0 | 1 | 1 | 1 | 5 | 148 | 148.00 | 0 | 1 | 0.00 | 0.00 |
| Literature - British | 0 | 0 | 0 | 0 | 0 | 0.00 | 0 | 0 | 0.00 | 0.00 |